LEADER 01109nam a2200241 i 4500 001 000000065276 003 CaOOAMICUS 005 20101102000000.0 008 101102s1978 it u000 u ita u 013 $a36448 040 $aSeMil$bita 100 1 $aFanfani, Amintore,$d<1908-1999>.$0(OLS)http://semarc/name/5491 245 10$aGiorgio La Pira :$bun profilo e 24 lettere inedite /$cAmintore Fanfani. 260 $aMilano :$bRusconi,$ccopyr. 1978. 300 $a166 p., [15] c. di tav., [2] p. di tav. ;$c21 cm. 500 $aContiene : Libri, saggi, articoli, discorsi di Giorgio La Pira. 600 14$aLa Pira, Giorgio .$0(OLS)http://semarc/subject/5590 650 4$aBiografie.$0(OLS)http://semarc/subject/2953 700 1 $aLa Pira, Giorgio,$c.$0(OLS)http://semarc/name/6864 850 $aSeMil 852 $aSeMil$W1$xVenegono$y1$m3J III 201$j31429$B31429$CSeMilBibl$Z2$F31432 $81 996 $6245$aGiorgio La Pira :$bun profilo e 24 lettere inedite$9(OLS)http://semarc/title/103568 996 $6260$aMilano :$bRusconi$9(OLS)http://semarc/publisher/30258 LEADER 01225nam a2200253 i 4500 001 000000071256 003 CaOOAMICUS 005 20081110000000.0 008 081110s1981 gw u000 u ger u 013 $a42428 020 $a3-495-47463-3 040 $aSeMil$bita 100 1 $aWilson, Thomas J. <1938- >.$0(OLS)http://semarc/name/35429 245 10$aSein als Text :$bvom Textmodell als Martin Heideggers Denkmodell : eine funktionalistische Interpretation /$cThomas J. Wilson. 260 $aFreiburg ; München :$bKarl Alber,$c1981. 300 $a320 p. ;$c22 cm. 490 0 $aSymposion : philosophische Schriftenreihe ;$v63 600 14$aHeidegger, Martin <1889-1976>.$0(OLS)http://semarc/subject/986 830 0$aSymposion : philosophische Schriftenreihe ;$v63.$0(OLS)http://semarc/title/20131 850 $aSeMil 852 $aSeMil$W1$xVenegono$y1$m2P III 378$j37409$B37409$CSeMilBibl$Z2$F37412 $81 996 $6020$a3-495-47463-3$9(OLS)http://semarc/number/50309 996 $6245$aSein als Text :$bvom Textmodell als Martin Heideggers Denkmodell : eine funktionalistische Interpretation$9(OLS)http://semarc/title/114584 996 $6260$aFreiburg ; München :$bKarl Alber$9(OLS)http://semarc/publisher/34088